A history of Christianity / (Record no. 243)
[ view plain ]
| 000 -LEADER | |
|---|---|
| fixed length control field | 01015cam a22003254a 4500 |
| 001 - CONTROL NUMBER | |
| control field | 454875 |
| 003 - CONTROL NUMBER IDENTIFIER | |
| control field | GBCCL |
| 005 - DATE AND TIME OF LATEST TRANSACTION | |
| control field | 20241126110333.0 |
| 008 - FIXED-LENGTH DATA ELEMENTS--GENERAL INFORMATION | |
| fixed length control field | 150623r19752000maub b 001 0 eng d |
| 020 ## - INTERNATIONAL STANDARD BOOK NUMBER | |
| International Standard Book Number | 13: 9780060649524 |
| 020 ## - INTERNATIONAL STANDARD BOOK NUMBER | |
| International Standard Book Number | 10: 0060649526 |
| 035 ## - SYSTEM CONTROL NUMBER | |
| System control number | (OCoLC)ocn911396757 |
| 035 ## - SYSTEM CONTROL NUMBER | |
| System control number | (OCoLC)911396757 |
| 040 ## - CATALOGING SOURCE | |
| Original cataloging agency | LBB |
| Transcribing agency | LBB |
| 049 ## - | |
| -- | LBBA |
| -- | 1-2 |
| -- | 1-2 |
| 082 ## - DEWEY DECIMAL CLASSIFICATION NUMBER | |
| Edition information | 23 |
| Classification number | 270 |
| Item number | LAT |
| 100 1# - MAIN ENTRY--PERSONAL NAME | |
| Personal name | Latourette, Kenneth Scott, |
| Dates associated with a name | 1884-1968. |
| 9 (RLIN) | 118 |
| 245 12 - TITLE STATEMENT | |
| Title | A history of Christianity / |
| Statement of responsibility, etc. | Kenneth Scott Latourette. |
| 250 ## - EDITION STATEMENT | |
| Edition statement | Rev. ed. |
| 260 ## - PUBLICATION, DISTRIBUTION, ETC. | |
| Place of publication, distribution, etc. | New York : |
| Name of publisher, distributor, etc. | HarperCollins, |
| Date of publication, distribution, etc. | 1975. |
| 300 ## - PHYSICAL DESCRIPTION | |
| Extent | 1 volume : |
| Other physical details | maps ; |
| Dimensions | 21 cm |
| 336 ## - CONTENT TYPE | |
| Content type term | text |
| Content type code | txt |
| Source | rdacontent |
| 337 ## - MEDIA TYPE | |
| Media type term | unmediated |
| Media type code | n |
| Source | rdamedia |
| 338 ## - CARRIER TYPE | |
| Carrier type term | volume |
| Carrier type code | nc |
| Source | rdacarrier |
| 504 ## - BIBLIOGRAPHY, ETC. NOTE | |
| Bibliography, etc. note | Includes bibliographical references and index. |
| 505 0# - FORMATTED CONTENTS NOTE | |
| Formatted contents note | V.1 Beginnings to 1500 -- V.2 Reformation to the present. |
| 650 #0 - SUBJECT ADDED ENTRY--TOPICAL TERM | |
| Topical term or geographic name entry element | Church history. |
| 9 (RLIN) | 117 |
| 650 #7 - SUBJECT ADDED ENTRY--TOPICAL TERM | |
| Topical term or geographic name entry element | Church history. |
| Source of heading or term | fast |
| Authority record control number or standard number | (OCoLC)fst00860740 |
| 9 (RLIN) | 117 |
| 942 ## - ADDED ENTRY ELEMENTS (KOHA) | |
| Source of classification or shelving scheme | Dewey Decimal Classification |
| Koha item type | Books |
| Withdrawn status | Lost status | Source of classification or shelving scheme | Damaged status | Not for loan | Home library | Current Library | Shelving location | Date acquired | Total checkouts | Full call number | Barcode | Date last seen | Date last checked out | Copy number | Price effective from | Koha item type |
|---|---|---|---|---|---|---|---|---|---|---|---|---|---|---|---|---|
| Dewey Decimal Classification | GRACE BIBLE COLLEGE | GRACE BIBLE COLLEGE | Church History | 2016-10-12 | 4 | 270 LAT | 014085 | 2026-02-11 | 2026-02-06 | c.1 | 2016-10-12 | Books | ||||
| Dewey Decimal Classification | GRACE BIBLE COLLEGE | GRACE BIBLE COLLEGE | Church History | 2026-02-23 | 270 LAT | 017435 | 2026-02-23 | v.2 | 2026-02-23 | Books |